000 00377 a2200157 4500
003 Nust
005 20230321133820.0
040 _cNust
082 _a653,GRE
100 _aGregg,Robert John
_9110895
245 _aGregg Speed Studies /
_cJohn Robert Gregg
260 _aNew York
_bThe Gregg PCL
_c1931
300 _aiv,202 p.
650 _aSharthand
_9110896
942 _2ddc
_cBK
999 _c194854
_d194854